Ron Swanson's Pyramid of Greatness Quiz Stats

 Plays Quiz Updated Jul 5, 2018

Challenge
Share
Tweet
Embed
Score 0/45 Timer 10:00
0 Plays Today
Location Quality % Correct
2nd rowAMERICA
76.7%
4th rowHAIRCUTS
52.2%
8th rowCRYING
47.2%
6th rowFISH
42.8%
9th rowFACIAL HAIR
38.3%
Top RowHONOR
37.9%
7th rowB.O.
37.4%
9th rowCAPITALISM
35.8%
4th rowTEAMWORK
35.8%
8th rowFRIENDS
30.5%
3rd rowWOOD WORKING
26.8%
5th rowSKIM MILK
25.5%
7th rowSKIM MILK
25.5%
7th rowCURSING
25.4%
4th rowGREATNESS ITSELF
24.1%
9th rowHANDSHAKES
23.3%
2nd rowBUFFETS
21.9%
8th rowCABINS
20.4%
9th rowRAGE
20.1%
6th rowCOW PROTEIN
18.6%
4th rowSELFISHNESS
18%
6th rowPIG PROTEIN
17.9%
6th rowCHICKEN PROTEIN
17.7%
Location Quality % Correct
8th rowPROPERTY RIGHTS
17.6%
8th rowYOU
17.4%
3rd rowWEAPONS
17.3%
8th rowPERSPIRATION
16.5%
5th rowSELF-RELIANCE
16.1%
6th rowDEER PROTEIN
16%
7th rowTORSO
15.7%
5th rowATTIRE
15.4%
5th rowDISCIPLINE
14.8%
3rd rowWELFARE AVOIDANCE
14.7%
6th rowROMANTIC LOVE
14.2%
7th rowOLD WOODEN SAILING SHIPS
14%
5th rowSUSPICION
13.9%
9th rowBODY GROOMING
13.9%
7th rowSTILLNESS
13.8%
8th rowMASONRY
13.7%
9th rowPOISE
13.7%
9th rowFRANKNESS
13.6%
9th rowSECURITY
13.4%
7th rowINTENSITY
12.5%
9th rowLIVING IN THE WOODS
12.1%
8th rowPHYSICAL FITNESS
11.6%

You're not logged in!

Compare scores with friends on all Sporcle quizzes.
Join for Free
OR
Log In

You Might Also Like...

Show Comments

Extras

Top Quizzes Today


Score Distribution

Your Account Isn't Verified!

In order to create a playlist on Sporcle, you need to verify the email address you used during registration. Go to your Sporcle Settings to finish the process.

Report this User

Report this user for behavior that violates our Community Guidelines.

Details: